000 00645nam a22001817a 4500
003 UA-OsUOA
001 17016
007 ta
008 20040206b un ||||| |||| 00| 0 ukr d
100 _aКондратенко О.
942 _cSA
040 _aUA-OsUOA
_cUA-OsUOA
_dUA-OsUOA
245 _aРішенням передували дискусії: [Відбулася 10-а сесія Радивилів. район. ради четвертого скликання]
300 _aС.1
955 _a0
773 0 _w0
_tПрапор перемоги
_dРадивилів
_d2004
_g№2/6 січ./
650 7 _aКраєзнавча робота
_2UDC
999 _c303184
_d303184